000 00540nam a2200181Ia 4500
005 20250508161101.0
008 008 250505s9999 xx 000 0 eng d
037 _aTextual
040 _aFEDL
_beng
_cFEDL
041 _aeng
_2eng
084 _a378.954, TIC
_qFEDL
100 _aTickoo Champa
_9589471
245 0 _aIndian universities: A historical, comparative perspective
260 _aBombay, India
_bOrient Longman Pvt. Ltd.
_c1980
300 _a197p.
942 _cTEXL
_h378.954, TIC
999 _c1368338
_d1368338